| 000 | 00000nam 2200000za 4500 |
| 001 | 9.852996 |
| 003 | CaOODSP |
| 005 | 20221107154723 |
| 007 | cr ||||||||||| |
| 008 | 180306s1976 onc #ob f000 0 eng d |
| 040 | |aCaOODSP|beng |
| 043 | |an-cn--- |
| 086 | 1 |aR32-472/1976E-PDF |
| 245 | 00|aDominion provincial relations |h[electronic resource] : |battempts to arrive at a mutually acceptable division of responsibility with the provinces in respect of Status Indians. |
| 260 | |a[Ottawa?] : |bClaims and Historical Research Centre, |c1976. |
| 300 | |a1 v. (various pagings) |
| 500 | |aTitle from cover. |
| 500 | |aDigitized edition from print [produced by Indigenous and Northern Affairs Canada]. |
| 504 | |aIncludes bibliographical references. |
| 520 | |a"This is a paper on the attempts made over the last 15-20 years to arrive at a mutually acceptable division of responsibility with provinces with respect to status Indians"--p. [1] |
| 692 | 07|2gccst|aStatus Indians |
| 692 | 07|2gccst|aProvincial governments |
| 692 | 07|2gccst|aAboriginal affairs |
| 710 | 2 |aTreaties and Historical Research Centre (Canada) |
| 710 | 1 |aCanada. |bIndian and Northern Affairs Canada. |
| 856 | 40|qPDF|s2.06 MB|uhttps://publications.gc.ca/collections/collection_2018/aanc-inac/R32-472-1976-eng.pdf |